00514nam a2200169 a 450008200150000010000230001524500250003826000470006330000090011050000350011950500100015465000250016470000230018994200070021295201100021999900150032900a200.9bKIT aKitagawa, Joseph M aHistory of Religions aChicagobUniversity of Chicago Pressc1974 a264p aincludes index and biblioraphy2 aIndex aComparative Religion1 aKitagawa, Joseph M cBK 00104070aHMIbHMId2007-07-20g60.00l4m2o200.9 KITp014850r2019-10-01s2019-09-11w2026-01-16yEB c9025d9025